Quizzes
Events
Quiz Creation
Community
Videos
Private Events
Remove Ads
Sign In
Join for FREE
Feedback
Dark Mode
Quiz Categories
Sports
Geography
Music
Movies
Television
Just For Fun
Miscellaneous
History
Literature
Language
Science
Gaming
Entertainment
Religion
Holiday
For Kids
Quiz Lab
Recent
Popular Today
Quiz Kudos Today
Editor Picks
Curator Picks
Quizzes by...
Day
Popularity
Type
Ratings
Length
Year
Community
Subscriptions
Recent Discussions
Orange Saloon
Badges
Playlists
Quests
Create
Leaderboards
Showdown
Live 5
Trivia Bingo
Activity
Puzzle Library
Sporcle Events
Private Events
Virtual Trivia
Globe League
Become a Host
Pub Owners
SporcleCon
Opinionation
Our Games
Videos
Blog
Mobile Apps
Partnerships
Remove Ads and Go Orange
Feedback
Music
Pop Music
The Beatles
Song
Album
Lyrics
Bands
Singers
Artist
Clip
Rock
Rap
Classical
Billboard
Country Music
Kpop
Taylor Swift
Music
Pop Music
The Beatles
Song
Album
Lyrics
Bands
Singers
Artist
Clip
Rock
Rap
Classical
Billboard
Country Music
Kpop
Taylor Swift
Random Quiz
Search Sporcle
×
Quiz Lab
Quiz Lab
Music
Clickable
Select answers by clicking on text or image buttons
Select answers by clicking on text or image buttons
Clickable
Best Score? Go Orange.
Big Artists, Smaller Hits: A Matching Challenge! Stats
Can you match the artist with their lowest charting Top 40 hit (USA)?
By
beatles1964
14m
40 Questions
56 Plays
56 Plays
56 Plays
Comments
Comments
Give Quiz Kudos
Give Quiz Kudos
-
- Ratings
hide this ad
More Info
Replay
Link that replays current quiz
Next Quiz
Link to next quiz in quiz playlist
You Got
0%
They Got
Avg Score
41%
Avg Friend Score
Upgrade to see
Score Distribution
Jump to the score distribution portion of the page
Score
0/40
Timer
14:00
0
Plays Today
% Correct
You Really Got Me (#36, 1978)
71.4%
Old Time Rock & Roll (#28, 1979)
69.6%
Still Crazy After All These Years (#40, 1976)
67.9%
And So It Goes (#37, 1990)
60.7%
Back in the U.S.A. (#37, 1959)
60.7%
Back in the Saddle (#38, 1977)
57.1%
I Don't Want to Spoil the Party (#39, 1965)
51.8%
Shattered (#31, 1979)
50%
Prove It All Night (#33, 1978)
50%
Hat 2 Da Back (#30, 1993)
48.2%
Runaway (#39, 1984)
48.2%
I Don't Care Anymore (#39, 1983)
46.4%
Get on Your Boots (#37, 2009)
46.4%
Skin Trade (#39, 1987)
44.6%
Farewell My Summer Love (#38, 1984)
44.6%
Again Tonight (#36, 1992)
42.9%
Good Timin' (#40, 1979)
41.1%
Friends in Love (#38, 1982)
41.1%
All You Get from Love is a Love Song (#35, 1977)
41.1%
Chasin' the Wind (#39, 1991)
39.3%
% Correct
The End of Our Road (#40, 1970)
39.3%
Angel (#40, 1972)
37.5%
First of May (#37, 1969)
37.5%
Don't Wanna Lose You (#39, 1996)
35.7%
Let It Snow (#32, 1994)
35.7%
Call Me Lightning (#40, 1968)
33.9%
Play Something Sweet (Brickyard Blues) (#33, 1974)
33.9%
Victim of Love (#32, 1987)
33.9%
Save Me (#33, 1990)
33.9%
I'm Not Giving You Up (#40, 1997)
30.4%
Do It (#36, 1970)
30.4%
Tennessee Waltz (#35, 1964)
30.4%
Happy People (#40, 1975)
30.4%
I Don't Know Why (#39, 1969)
30.4%
I'm Gonna Let My Heart Do the Walking (#40, 1976)
28.6%
Spinout (#40, 1966)
28.6%
Where You Lead (#40, 1971)
26.8%
Sticks and Stones (#40, 1960)
26.8%
Oh Happy Day (#40, 1970)
25%
Save Up All Your Tears (#37, 1992)
23.2%
Quiz Playlist
Details
Report
Send in Message
Add To Playlist
More Info:
For artists with multiple songs that peaked at a given position, I broke ties by using weeks in the Top 100.
Clickable:
Select answers by clicking on text or image buttons
Last Updated: Feb 16, 2017
Quiz Scoreboard
CHALLENGE
Sign Up to Join the Scoreboard
Show All
Scores
Hide
Comments
May contain spoilers
Recently Published
Presidents Visiting Landmarks
by Hejman
History
7m
An Introduction to Baseball
by treessimontrees
Sports
5m
Movies - When Are They Set?
by FPL_Elf
Movies
5m
More to Explore
Quiz From the Vault
Featured Blog Post
Where Did the Easter Bunny Come From?
hide this ad
You Might Also Like...
Tags
Clickable Quiz
Minefield Quiz
mine
Top 40
Top Billboard
US Billboard
Today's Top Quizzes in Music
Browse Music
hide this ad
Today's Top Quizzes in Clickable
Browse Clickable
Top Contributed Quizzes in Music
1
Taylor Swift All Songs (2024)
2
Guess the Artist- 70s Songs
3
Taylor Swift Logic Puzzle
4
KPOP LOGIC QUIZ
5
One Thing in Common: Music
6
2010s Album by Cover III
7
7-to-1: Billboard Hot 100 #1 Hits of 2010s
8
Guess the Taylor Swift song (Mystery Song)
9
Sorting Albums and Songs
10
2000s Album Cover Bunker
Explore More
Trending Topics
Anime
Harry Potter
NBA
Crossword
Disney
Kpop
Marvel
WWE
Soccer
Pokémon
Puzzle
Song
Country
NFL
The Office
hide this ad
More By:
beatles1964
Quiz
Plays
Rating
Category
Featured
Created
Last 60 All-NBA First Teams
241,616
4.79
Sports
Apr 28, 2016
Last 20 All-NBA Teams (1st, 2nd, & 3rd)
31,842
4.93
Sports
Jun 3, 2019
All-NBA First Team (Minefield!)
31,029
4.17
Sports
Mar 23, 2016
100 Greatest: NBA Players (See Game Note)
23,560
4.89
Sports
Jun 27, 2017
ESPN NBA Rank: Top 30 for Last 10 Seasons
17,520
4.83
Sports
Sep 21, 2018
Go to Creator's Profile
Score Distribution
Quiz Creator Spotlight
beatles1964
Follow
Send a Message
Quizzes Created
-
Created Quiz Play Count
-
More By This Creator
Popular Quizzes Today
1
Find the US States - No Outlines Minefield
2
Find the Countries of Europe - No Outlines Minefield
3
The Countries of the World
4
Find the US States
5
Popular People in 1961
6
US States
7
Risky Map Clicking: Biggest States A-Z
8
1-10 Letter E Words III
More Music Quizzes
Can You Fill Me In? 1990s Songs
Editor's Pick
Trending Quizzes
Risky Map Clicking: Least Populous States A-Z
1-10 Letter G Words
1-10 Letter F Words
One Thing in Common: United Kingdom
Risky Map Clicking: Next State Alphabetically
Recently Updated
Leaping Animals
pecheneg
Reality TV Shows (A-Z)
bhenderson79
Rickey Henderson's Hall of Fame Teammates
pecheneg
Champions League XIs: Arsenal
pecheneg
Quick Pick: Celebrities in WWE's Hall of Fame
aduchscher
A-Z Keypad Blitz II
pecheneg
Multiple Oscar Actors
pecheneg
Mystery Phrase Blitz: Oscar 'Best Actors'
pecheneg
F. Scott Fitzgerald Novels
LTH
Pick 3 Villains
ddd62291
Trending Topics
Kpop
Harry Potter
Anime
NBA
Marvel
Crossword
Disney
WWE
Pokémon
Puzzle
Country
Soccer
NFL
Song
The Office
Your Account Isn't Verified!
In order to create a playlist on Sporcle, you need to verify the email address you used during registration. Go to your
Sporcle Settings
to finish the process.
Report this User
Report this user for behavior that violates our
Community Guidelines
.
Details:
Send Report
Go to the Sporcle.com Mobile Site →
Comments